KHTN, tập 1B: Bắt gặp cấu tạo tự nhiên từ thực nghiệm

Gardado en:
Detalles Bibliográficos
Formato: Libro
Các nhãn: Engadir etiqueta
Sen Etiquetas, Sexa o primeiro en etiquetar este rexistro!
Thư viện lưu trữ: Mạng thư viện Đại học Đà Nẵng
LEADER 00448nam a22001691a 4500
001 000040322
003 16617
005 20160412022912.0
008 160412s0 000
082 |a 4N(TK)2055-58 
245 |a KHTN, tập 1B: Bắt gặp cấu tạo tự nhiên từ thực nghiệm 
OWN |a LNN 
999 |a From the UDN01 
TYP |a Monograph 
980 |a Mạng thư viện Đại học Đà Nẵng